Fables de La Fontaine /

Guardado en:
Detalles Bibliográficos
Autor principal: La Fontaine, Jean de (autor)
Otros autores: Clément, Louis (introducción y notas) (introducción y notas)
Formato: Libro
Idioma:Francés
Publicado: París, Francia : Librairie Armand Colin, 1926, c1926
Edición:23a edición
Temas:
Etiquetas: Agrega una etiqueta
Sin etiquetas, Sé el primero en etiquetar este registro!

MARC

LEADER 00000nam^a2200000^a^4500
001 000278572
005 20250526000000.0
008 080704 19261926
009 20260310111409.192
025 |a Donación sin dato, 1 ejemplar 
037 |a Acervo ITESO - Biblioteca 
041 |a FRA 
082 |a 843.  |b LAF 
100 |a La Fontaine, Jean de  |e (autor) 
240 1 1 |a [Fábulas de La Fontaine] 
245 1 0 |a Fables de La Fontaine /  |c J. de La Fontaine ; introd. y notas de L. Clément. 
250 |a 23a edición 
264 4 |a París, Francia :  |b Librairie Armand Colin,  |c 1926, c1926 
300 |a VIII, 475 p. ;  |c 18.0 cm. 
336 |a texto  |b txt  |2 rdacontenido 
337 |a sin mediación  |b n  |2 rdamedio 
338 |a volumen  |b nc  |2 rdasoporte 
545 0 |a Jean de La Fontaine (Château-Thierry, 1621 – París, 1695), escritor francés. Estudió Teología y Derecho, pero sin interés por ambas ramas y acabó por relevar a su padre como inspector de aguas y bosques. Instalado en París desde 1658, fue beneficiado por Nicolas Fouquet –superintendente de Finanzas de Luis XIV- con una pensión, pero su mecenas perdió el favor real y La Fontaine sólo pudo solucionar sus tribulaciones económicas con la ayuda de amigos –especialmente mujeres- importantes. Escribió poemas como Adonis (1658, publicado hasta 1669) y la novela Psiquis y Cupido (1669), pero su sitio en la historia de la literatura quedó cimentado con sus tres ciclos de Fábulas, publicados en 1668 (libros I-VI), 1679 (libros VII-XII) y 1694 (libro XIII) y que suman más de 240 relatos. El francés empleó un rico grupo de fuentes de inspiración, entre las que figuran la colección en sánscrito Panchatantra, el griego Esopo, el romano Fedro y compilaciones del género didáctico llamado exempla. Los especialistas diferencian que los seis primeros libros pueden ubicarse en el modelo didáctico y moral de las fábulas para niños y que los últimos presentan una temática ético-política más amplia y profunda. La cigarra y la hormiga, La gallina de los huevos de oro, La lechera, La liebre y la tortuga o La zorra y la cigüeña son apenas unos cuantos ejemplos de las numerosas contribuciones del autor –muchas veces editadas en forma separada- a las narraciones clásicas de la literatura universal. 
649 |a XX 
650 |a Fábulas Francesas 
650 |a Literatura Infantil -  |z Francia 
650 |a Literatura Didáctica -  |z Francia 
650 |a Literatura y Etica -  |z Francia 
650 |a Filosofía y Literatura -  |z Francia 
650 |a Literatura Francesa -  |y Siglo XVII 
650 |a Animales en la Literatura 
700 |a Clément, Louis  |e (introducción y notas) 
910 |a Fondo General 
920 |a Impresos - Libros 
930 |a Libros Antiguos y Raros 
940 |a Literatura 
905 |a 108 
901 |a 0500163986  |b IT2  |c LRA  |i D  |u 20250526 
902 |a https://opac.biblio.iteso.mx/vufind/Record/000278572